Central Library OPAC University of Rajshahi

Marketing : (Record no. 54751)

MARC details
000 -LEADER
fixed length control field 00877nam a2200265 a 4500
001 - CONTROL NUMBER
control field 54751
003 - CONTROL NUMBER IDENTIFIER
rucl marc code BD-RjUL
005 - DATE AND TIME OF LATEST TRANSACTION
control field 20211209080150.0
008 - FIXED-LENGTH DATA ELEMENTS--GENERAL INFORMATION
fixed length control field 161110s1953 nyua 001 0 eng u
035 ## - SYSTEM CONTROL NUMBER
System control number (BD-RjUL)54873
040 ## - CATALOGING SOURCE
Original cataloging agency CSU
Modifying agency UKM
-- EQO
-- BD-RjUL
Language of cataloging eng
Transcribing agency BD-RjUL
041 ## - LANGUAGE CODE
Language code of text/sound track or separate title eng
082 ## - DEWEY DECIMAL CLASSIFICATION NUMBER
Classification number 658.8
Edition number 23
Author mark and year DUM 1953
100 1# - MAIN ENTRY--PERSONAL NAME
Personal name Duddy, Edward A.
Fuller form of name (Edward Augustin),
Dates associated with a name 1884-1966
9 (RLIN) 163245
245 00 - TITLE STATEMENT
Title Marketing :
Remainder of title an institutional approach /
Statement of responsibility, etc. [by] Edward A. Duddy [and] David A. Revzan.
250 ## - EDITION STATEMENT
Edition statement 2nd ed.
260 ## - PUBLICATION, DISTRIBUTION, ETC. (IMPRINT)
Place of publication, distribution, etc. New York :
Name of publisher, distributor, etc. McGraw-Hill,
Date of publication, distribution, etc. c1953.
300 ## - PHYSICAL DESCRIPTION
Pagination xiv, 644 p. :
Illustrations ill. ;
Size 24 cm.
490 1# - SERIES STATEMENT
Series statement Business and economics publications
500 ## - GENERAL NOTE
General note Includes index
650 #0 - SUBJECT ADDED ENTRY--TOPICAL TERM
Topical term or geographic name as entry element Marketing
9 (RLIN) 163246
700 1# - ADDED ENTRY--PERSONAL NAME
Personal name Revzan, David A.
Fuller form of name (David Allen),
Dates associated with a name 1909-1988
830 #0 - SERIES ADDED ENTRY--UNIFORM TITLE
Uniform title Business and economics publications
942 ## - ADDED ENTRY ELEMENTS (KOHA)
Source of classification or shelving scheme Dewey Decimal Classification
Koha item type Books
Holdings
Lost status Source of classification or shelving scheme Damaged status Not for loan Collection code Permanent Location Current Location Shelving location Date acquired Source of acquisition Cost, normal purchase price Total Checkouts Full call number Date last seen Copy number Koha item type
  Dewey Decimal Classification     Non-fiction Central Library, University of Rajshahi Central Library, University of Rajshahi   04/09/1957 Pub.United Ltd. 84.80   658.8 DUM 1953 10/11/2016 C-2 Books
  Dewey Decimal Classification   Not For Loan Non-fiction Central Library, University of Rajshahi Central Library, University of Rajshahi Reading Room 11/10/1955 Allies Book Corporation. 31.80   658.8 DUM 1953 21/01/2017 C-1 Books